| 000 | 00697nam a2200229Ia 4500 | ||
|---|---|---|---|
| 003 | GCL | ||
| 008 | 140319s9999 xx 000 0 ara d | ||
| 040 |
_aGCL / _cGCL |
||
| 082 | 0 | 4 |
_aط _b813.087 _bك س |
| 100 | 1 | _aفؤاد شاكر | |
| 245 | 1 | 0 |
_aالسفينة المفقودة / _cفؤاد شاكر |
| 700 | 1 | _aداليا محمد ابراهيم | |
| 700 | 1 | _aكوستو | |
| 700 | 1 | _aسميرة احمد سالم | |
| 300 | _a48 ص | ||
| 490 |
_aسلسلة مغامرات المكتشف العالمى كوستو _v0 |
||
| 650 | 0 | 4 | _aالقصص العربية |
| 650 | 0 | 4 | _aقصص البطولات |
| 650 | 0 | 4 | _aالاطفال |
| 650 | 0 | 4 | _aقصص الاطفال |
| 942 |
_2ddc _cBK |
||
| 999 |
_c49905 _d49905 |
||